000
00208 a2200097 4500
001
45474
100
_a
Hindle T
245
_a
Pocket banker
260
_a
New York
_b
Basil Blackwell
_c
090
_c
28636
_d
28636
942
_a
NUST-CAE
_c
M
_c
20709
999
_c
280547
_d
280547